Hochhäuser - Welt (extrem) - Statistiken

Allgemein
  • Dieses Quiz wurde 37 mal gespielt
  • Das Durchschnittsergebnis liegt bei 4 aus 15
Antwortstatistiken
Hint Antwort % Korrekt
1 Burj Khalifa / Dubai / VAE (828m)
100%
3 Shanghai Tower / Shanghai / China (632m)
71%
7 One World Trade Center / New York City / USA (541m)
48%
2 Merdeka 118 / Kuala Lumpur / Malaysia (679m)
33%
6 Lotte World Tower / Seoul / China (555m)
24%
11 Taipei 101 / Taipei / Taiwan (508m)
24%
15 Central Park Tower / New York City / USA (472m)
14%
4 Makkah Royal Clock Tower / Mekka / Saudi Arabien (601m)
14%
5 Ping An Finance Center / Shenzhen / China (599m)
14%
8.1
8.2
CTF Finance Center / Guangzhou / China (530m)
CTF Finance Center / Tianjin / China (530m)
10%
13 International Commerce Center / Hongkong / Hongkong (484m)
10%
10 China Zun Tower / Peking / China (528m)
5%
16 Lachta-Zentrum / Sankt Petersburg / Russland (462m)
5%
14 Wuhan Greenland Center / Wuhan / China (476m)
5%
12 Shanghai World Trade Finance Center / Shanghai / China (492m)
0%
Keine übereinstimmenden Quizze gefunden
Verteilung der Resultate
Anzahl Personen mit jedem Resultat
Perzentil nach korrekt beantworteten Fragen
Ihre Resultats-Entwicklung
Sie haben dieses Quiz noch nicht gespielt